|
|
|
|
| LEADER |
00000cam a2200000 a 4500 |
| 001 |
vtls001119750 |
| 003 |
SK-MaSNL |
| 005 |
20260302064332.0 |
| 008 |
240515s1984 xo a frnp 00000 slo |
| 015 |
|
|
|a SNBA1984/10
|
| 035 |
|
|
|a SNK000062593
|
| 040 |
|
|
|a SNK
|b slo
|c SNK
|e AACR2
|
| 041 |
0 |
|
|a slo
|
| 044 |
|
|
|a xo
|c SK
|
| 080 |
|
|
|a 624.21.012.45(075.8)
|2 1981
|
| 100 |
1 |
|
|a Sokolík, Andrej
|4 aut
|9 270550
|
| 245 |
1 |
0 |
|a Betónové mosty
|b všeobecná časť, mosty zo železobetónu
|c Andrej Sokolík, Štefan Zemko
|
| 250 |
|
|
|a 1. vyd.
|
| 260 |
|
|
|a Bratislava
|b Alfa
|c 1984
|e Nitra
|f Nitrianske tlačiarne
|
| 300 |
|
|
|a 216 s.
|b tab., sch.
|c 29 cm
|
| 366 |
|
|
|e 300 výtl.
|
| 490 |
1 |
|
|a Vysokoškolské učebné texty
|
| 504 |
|
|
|a Obsahuje bibliografiu
|
| 650 |
0 |
7 |
|a betónové mosty
|2 SNKPH
|9 69429
|
| 650 |
0 |
7 |
|a železobetónové mosty
|2 SNKPH
|9 83973
|
| 655 |
|
7 |
|a učebnice vysokých škôl
|2 SNKPH
|9 70191
|
| 700 |
1 |
|
|a Zemko, Štefan,
|d 1934-
|4 aut
|9 194795
|
| 830 |
|
0 |
|a Vysokoškolské učebné texty
|9 276539
|
| 852 |
|
|
|a Slovenská národná knižnica
|
| 954 |
|
|
|a odborná, vedecká literatúra pôvodná (slovenská)
|2 lita
|
| 958 |
|
|
|a NB
|
| 958 |
|
|
|a TL
|
| 958 |
|
|
|a UV
|
| 958 |
|
|
|a OND
|
| 999 |
|
|
|c 1137068
|d 1138998
|
| 952 |
|
|
|a SNK
|b SNK
|y PREZ
|7 0
|p 17A0782170
|o snkSB 35768
|0 0
|1 0
|4 0
|d 2012-03-21
|f 1
|l 0
|r 2025-04-14 00:00:00
|w 2026-02-24
|
| 952 |
|
|
|t P60, <04>, [BOOK], {604}
|a SNK
|b SNK
|y VYP
|7 0
|p 17A0031986
|o snkSB 35768 D1
|0 0
|1 0
|4 0
|d 1997-01-24
|l 0
|r 2004-12-31 00:00:00
|w 2026-02-24
|